000 00545nam a2200145Ia 4500
008 100204s9999 xx 000 0 und d
082 _b8916
100 _aकेळकर गो. रा.
245 _aव्यवहारात विज्ञान पहा
260 _b"अनिरुध्द साहित्य, पुणे"
_c1985 2
300 _a116
630 _aव्यवहारात विज्ञान पहा
730 _aव्यवहारात विज्ञान पहा
942 _cBOOK
999 _c453352
_d453349